Cálculo

Bibliographic Details
Main Author: Larson, Ron
Format: Section = Libro
Language:Undetermined
Spanish
Published: Madrid, España McGraw-Hill 2011
Edition:9a.ed.
Subjects:
LEADER 00596nam a2200229Ia 4500
008 240829s9999 xx 000 0 und d
020 |a 978-607-15-0361-9 
040 |a BIBLIOTECA-RUPAP 515.15 L318 
041 |a spa 
082 |a 515.15 L318 
100 1 |a Larson, Ron 
245 1 0 |a Cálculo 
250 |a 9a.ed. 
260 |a Madrid, España  |b McGraw-Hill  |c 2011 
300 |a 1142 p. :il. 
650 7 |a CALCULO 
650 7 |b  LIMITES Y PROPIEDADES 
650 7 |c  DERIVADAS 
650 7 |d  ANALISIS VECTORIAL. I. Edward, Bruce H, coaut. II. Tít. 
942 |c BK  |2 ddc 
991 |a TEXTO 
999 |c 8171